Využívame dostatočne konkurencieschopnosť našich výrobkov v zahraničnoobchodných vzťahoch?

Slovenská republika a jednotný vnútorný trh Európskej únie. Dodržiavanie európskych noriem kvality v poľnohospodárstve a v potravinárskom priemysle SR. Aktívne saldo obchodnej bilancie s krajinami EÚ. Stav obchodnej bilancie SR a Ruskej federácie. Nové možnosti vývozu potravinárskych výrobkov do Rus...

ver descrição completa

Na minha lista:
Detalhes bibliográficos
Autor principal: Smreková, Marta
Outros Autores: Fízeľová, Elena
Formato: Capítulo de Livro
Idioma:eslovaco
Assuntos:
Tags: Adicionar Tag
Sem tags, seja o primeiro a adicionar uma tag!

MARC

LEADER 00000naa$a2200000$$$4500
001 0047763
005 20240611112908.3
041 0 |a slo 
044 |a CZ 
245 1 0 |a Využívame dostatočne konkurencieschopnosť našich výrobkov v zahraničnoobchodných vzťahoch? 
520 |a Slovenská republika a jednotný vnútorný trh Európskej únie. Dodržiavanie európskych noriem kvality v poľnohospodárstve a v potravinárskom priemysle SR. Aktívne saldo obchodnej bilancie s krajinami EÚ. Stav obchodnej bilancie SR a Ruskej federácie. Nové možnosti vývozu potravinárskych výrobkov do Ruskej federácie. Obchodná bilancia SR a Spojených štátov amerických. 
610 2 0 |a obchod zahraničný 
610 2 0 |a dovoz 
610 2 0 |a vývoz 
610 2 0 |a bilancia obchodná 
610 2 0 |a spolupráca medzinárodná 
610 2 0 |a trh 
610 2 0 |a konkurencieschopnosť 
610 2 0 |a poľnohospodárstvo 
610 2 0 |a priemysel automobilový 
610 2 0 |a Slovensko 
610 2 0 |a Rusko 
610 2 0 |a USA 
610 2 0 |a Európska únia 
100 1 |a Smreková, Marta 
700 1 |a Fízeľová, Elena